01008 a2200193 4500020002700000020003000027082001100057090001500068100001700083245004900100250001200149260005200161300002100213520035500234856008200589942002400671999001900695952010000714 a0324205457 (hardcover) a9780324205459 (hardcover)04a650.03 c4468d44681 aShim, Jae K.10aDictionary of business terms /cJae K. Shim. a1st ed. a[S.l.] :bSouth-Western Educational Pub,c2006. a448 p. ;c23 cm. aThis volume is a general business dictionary covering every functional aspect of an organization, including nearly 3,200 business terms. All terms include definition, a description in context, and examples. For some of the more complex topics, an analysis is provided. Some terms include URLs to web pages that further illustrate or clarify the term.403Amazon.comuhttp://www.amazon.com/exec/obidos/ASIN/0324205457/chopaconline-20 aNBScBKk650.03 JAE c346911d346911 00104070aCLbCLd2013-08-28l3o650.03 JAEpNBS8059r2015-05-26s2015-04-02w2013-08-28yREF